000 01068cam a2200313 i 4500
001 13884776
003 EG-ScBUE
005 20260126091604.0
008 050228s2005 flua frb 001 0 eng d
020 _a1584884916 (alk. paper)
020 _a9781584884910
040 _aDLC
_beng
_erda
_cDLC
_dEG-ScBUE
_dDLC
082 0 4 _a572.6
_222
_bTRA
100 1 _aTramontano, Anna,
_eauthor.
_939471
245 1 4 _aThe ten most wanted solutions in protein bioinformatics /
_cAnna Tramontano.
264 1 _aBoca Raton :
_bChapman & Hall / CRC Taylor & Francis Group,
_c2005.
300 _a186 pages :
_billustrations (some color) ;
_c24 cm.
336 _2rdacontent
_atext
_btxt
337 _aunmediated
_2rdamedia
_bn
338 _avolume
_bnc
_2rdacarrier
490 0 _aChapman & Hall/CRC mathematical biology and medicine series
504 _aIncludes bibliographical references and index.
650 7 _aProteomics.
_2BUEsh
650 7 _aBioinformatics.
_2BUEsh
_95545
651 _2BUEsh
653 _bPPhrm
_cMarch2016
655 _vReading book
942 _2ddc
_cBB
999 _c21292
_d21264